| 000 | 00351nam a2200133Ia 4500 | ||
|---|---|---|---|
| 008 | 240624s9999 xx 000 0 und d | ||
| 041 | _aeng | ||
| 082 | _a658.404 KER | ||
| 100 | _aKERZNER HAROLD | ||
| 245 | _aVALUE DRIVEN PROJECT MANAGEMENT | ||
| 260 |
_c2009 _aNew York _bJohn Wiley and Sons |
||
| 300 | _axii, : 276 : p. : cm. ; 23 | ||
| 365 |
_c _b30 |
||
| 999 |
_c16494 _d16494 |
||